|
|
|
|
| LEADER |
00000nab a2200000 a 4500 |
| 001 |
vtls000849474 |
| 003 |
SK-MaSNL |
| 005 |
20260302164451.0 |
| 008 |
160324c2003 xo 0 cze |
| 015 |
|
|
|a SNBRB2003/10-29660
|
| 035 |
|
|
|a CLN000201129
|
| 040 |
|
|
|a SNKBUCL
|b slo
|c SNKBUCL
|e AACR2
|
| 041 |
0 |
|
|a cze
|
| 044 |
|
|
|a xo
|c SK
|
| 080 |
|
|
|a 796.894.093.1(437.1/.2)
|2 1997
|
| 245 |
0 |
0 |
|a Mistrovství ČR v kulturistice párů 2003
|
| 300 |
|
|
|b Fotogr.
|
| 611 |
1 |
7 |
|a Majstrovstvá Českej republiky v kulturistike párov
|d 2003
|c Ostrava, Česko
|2 snkbucl
|9 867453
|
| 650 |
0 |
7 |
|a kulturistika
|2 snkbucl
|9 3254
|
| 655 |
|
7 |
|a články z novín a časopisov
|2 snkbucl
|9 267496
|
| 773 |
0 |
|
|x 1335-7867
|t Muscle a fitness
|g Roč. 13, č. 11 (2003), s. 69
|
| 850 |
|
|
|a Slovenská národná knižnica v Martine
|
| 852 |
|
|
|a SNK
|b KIS3GCP
|
| 958 |
|
|
|a CZ
|
| 958 |
|
|
|a RBX
|
| 999 |
|
|
|c 1386798
|d 1388728
|